Evolución de la educación a distancia en Universidades Argentinas (Registro nro. 17877)
[ vista simple ]
| 000 -LEADER | |
|---|---|
| fixed length control field | 00476 a2200145 4500 |
| 001 - CONTROL NUMBER | |
| control field | ART_48079 |
| 005 - DATE AND TIME OF LATEST TRANSACTION | |
| control field | 20260410161731.0 |
| 008 - FIXED-LENGTH DATA ELEMENTS--GENERAL INFORMATION | |
| fixed length control field | 260409a |
| 100 1# - MAIN ENTRY--PERSONAL NAME | |
| Personal name | Rivero, Andrea M. |
| 245 10 - TITLE STATEMENT | |
| Title | Evolución de la educación a distancia en Universidades Argentinas |
| 700 1# - ADDED ENTRY--PERSONAL NAME | |
| Personal name | da Silva Momo, Fernanda |
| 700 1# - ADDED ENTRY--PERSONAL NAME | |
| Personal name | Behr, Ariel |
| 700 1# - ADDED ENTRY--PERSONAL NAME | |
| Personal name | Pesce, Gabriela |
| 773 0# - HOST ITEM ENTRY | |
| Title | Escritos contables y de administración |
| Related parts | - Vol. 8, nº 2 (jul./dic. 2017) |
| Record control number | REV2758 |
No hay ítems disponibles.